000 00816nam a2200217Ia 4500
001 11424
003 GE_BSU
008 181216s||||||||xx |||||||||||||| ||und||
040 _cGE_BSU
080 _a636.082(479.22)
100 _aგოცირიძე,ნ.
245 _aსანაშენე მუშაობა საქართველოს მესაქონლეობაში.
245 _cრედ:თ.ჯინჯიხაშვილი.
260 _aთბილისი.
260 _bსაბჭოთა საქართველო.
260 _c1962.
300 _a311გვ;22სმ.
300 _eილ;ცხრ.
653 _aსანაშენე მუშაობა საქართველოს მესაქონლეობაში.
942 _cBK
999 _c44621
_d44621